[Event "Detroit op"]
[Site "Detroit"]
[Date "2000.12.16"]
[Round "2"]
[White "James, Kim"]
[Black "Herreshoff, Matt"]
[Result "0-1"]
[WhiteElo "617"]
[BlackElo "1684"]
[PlyCount "57"]
[EventDate "2000.12.16"]
[EventType "swiss"]
[EventRounds "6"]
[EventCountry "USA"]
[SourceTitle "EXT 2007"]
[Source "ChessBase"]
[SourceDate "2006.11.23"]
[SourceVersion "1"]
[SourceVersionDate "2006.11.23"]
[SourceQuality "1"]

1. e4 e6 2. Nf3 d5 3. exd5 exd5 4. d4 Bd6 5. Nc3 c6 6. Bg5 Qc7 7. Qe2+ Ne7 8. 0-0-0 0-0 9. Re1 Ng6 10. Nh4 Bf4+ 11. Bxf4 Qxf4+ 12. Qe3 Qxe3+ 13. Rxe3 Nxh4 14. g3 Nf5 15. Rf3 Nxd4 16. Rf4 Ne6 17. Rf3 Bd7 18. Bd3 Nc5 19. Re1 Nxd3+ 20. Rxd3 Be6 21. Ne2 Nd7 22. Nf4 Rfe8 23. Nxe6 Rxe6 24. Rxe6 fxe6 25. f4 Re8 26. Ra3 a6 27. Re3 e5 28. a4 d4 29. Re4 0-1